Contemporary musical film / (Record no. 28033)

MARC details
000 -LEADER
fixed length control field 01383cam a22003135i 4500
001 - CONTROL NUMBER
control field 019251812
003 - CONTROL NUMBER IDENTIFIER
control field EG-ScBUE
005 - DATE AND TIME OF LATEST TRANSACTION
control field 20200211111340.0
008 - FIXED-LENGTH DATA ELEMENTS--GENERAL INFORMATION
fixed length control field 190128t20192019stka f b 001 0 eng d
020 ## - INTERNATIONAL STANDARD BOOK NUMBER
International Standard Book Number 9781474431682 (pbk.)
040 ## - CATALOGING SOURCE
Original cataloging agency StDuBDS
Language of cataloging eng
Description conventions rda
Transcribing agency StDuBDS
Modifying agency EG-ScBUE
082 04 - DEWEY DECIMAL CLASSIFICATION NUMBER
Classification number 791.4375
Item number CON
Edition number 22
245 00 - TITLE STATEMENT
Title Contemporary musical film /
Statement of responsibility, etc edited by Kevin J. Donnelly, Beth Carroll.
264 #1 - PUBLICATION, DISTRIBUTION, ETC. (IMPRINT)
Place of publication, distribution, etc Edinburgh :
Name of publisher, distributor, etc Edinburgh University Press,
Date of publication, distribution, etc [2019]
264 #4 - PUBLICATION, DISTRIBUTION, ETC. (IMPRINT)
Date of publication, distribution, etc c2019
300 ## - PHYSICAL DESCRIPTION
Extent x, 192 pages :
Other physical details illustrations (black and white) ;
Dimensions 24 cm.
336 ## - CONTENT TYPE
Content type term text
Content type code txt
Source rdacontent
337 ## - MEDIA TYPE
Media type term unmediated
Media type code n
Source rdamedia
338 ## - CARRIER TYPE
Carrier type term volume
Carrier type code nc
Source rdacarrier
490 0# - SERIES STATEMENT
Series statement Music and the moving image
504 ## - BIBLIOGRAPHY, ETC. NOTE
Bibliography, etc Includes bibliographical references and index.
520 ## - SUMMARY, ETC.
Summary, etc This edited collection looks closely at the range and scope of contemporary film musicals, from stage adaptations like 'Mamma Mia!' (2008) and 'Les Miserables' (2012), to less conventional works that elide the genre, like' Team America: World Police' (2004) and Quentin Tarantino's 'Kill Bill' (2003/04).
650 #7 - SUBJECT ADDED ENTRY--TOPICAL TERM
Topical term or geographic name as entry element Musical films
General subdivision History and criticism.
Source of heading or term EG-ScBUE
653 ## - INDEX TERM--UNCONTROLLED
Resource For college Communication and mass media
Arrived date list February2020
700 1# - ADDED ENTRY--PERSONAL NAME
Personal name Donnelly, K. J.
Fuller form of name (Kevin J.),
Relator term editor.
700 1# - ADDED ENTRY--PERSONAL NAME
Personal name Carroll, Beth
Titles and other words associated with a name (Lecturer in Film and Literature),
Relator term editor.
942 ## - ADDED ENTRY ELEMENTS (KOHA)
Source of classification or shelving scheme Dewey Decimal Classification
Koha item type Book - Borrowing
Holdings
Withdrawn status Lost status Source of classification or shelving scheme Damaged status Not for loan Collection code Home library Current library Shelving location Date acquired Source of acquisition Cost, normal purchase price Serial Enumeration / chronology Total Checkouts Full call number Barcode Date last seen Cost, replacement price Price effective from Koha item type
    Dewey Decimal Classification     Baccah Central Library Central Library Second Floor 11/02/2020 Purchase 500.00 34025   791.4375 CON 000046714 15/07/2025 625.00 11/02/2020 Book - Borrowing